| 000 | 00462nam a2200181Ia 4500 | ||
|---|---|---|---|
| 008 | 151213s9999 xx 000 0 und d | ||
| 020 | _a81-7758-684-x | ||
| 082 |
_a330.0151 _b330.0151 |
||
| 100 | _aWilliam H. Greene | ||
| 245 |
_aEconometric Analysis _cWilliam H. Greene |
||
| 250 | _a5th | ||
| 260 |
_aIndia _bPearson Education _c2003 |
||
| 300 | _a9605 p. | ||
| 650 | _aEconomics | ||
| 650 | _aEconomics | ||
| 700 | _aWilliam H. Greene | ||
| 999 |
_c4787 _d4787 |
||